| 000 | 00574nam a2200205Ia 4500 | ||
|---|---|---|---|
| 005 | 20250326144550.0 | ||
| 008 | 250326s9999 xx 000 0 und d | ||
| 020 | _a0-8058-3978-x | ||
| 037 | _aTextbook | ||
| 040 |
_aFMSL _beng _cFMSL |
||
| 041 |
_aeng _2eng |
||
| 084 |
_aX:91:(S:44) P1 _qFMSL |
||
| 100 |
_aAnderson N H _9749904 |
||
| 245 | 0 |
_aEmpirical direction in design and analysis _cAnderson N H |
|
| 260 |
_aNew Jersey _bNew Jersey, LEA _c2001 |
||
| 300 | _a862p | ||
| 365 | _b5053 | ||
| 942 |
_cTB _hX:91:(S:44) P1 |
||
| 999 |
_c1304186 _d1304186 |
||